000 01116nam a2200313 c 4500
003 BLK
005 20250605115736.0
008 180408b bul|||||r ||||||| ||bul||
010 _aKNG00082970000
020 _a978-954-365-027-9
_bиздат.: Еднорог
040 _aBLK
041 _aBUL
_cBUL
080 _aТурска литература
_b821.512.161
_x-31
_z821.512.161-31
100 1 _aПамук, Орхан
_eпърви автор
_9105861
700 1 _aСамуилова, Розия Бечева
_eпрев. от тур.
_9368971
139 _aПамук, Орхан
_bП 16
245 1 0 _aНов живот
_bРоман
_cОрхан Памук; прев. от тур. Розия Бечева Самуилова.
257 _aTUR
260 София
_bЕднорог
_c2008
300 _a316 с.
_c20 см
380 _aX
500 _aОриг. загл. Yeni Hayat / Orhan Pamuk
852 _aЦб 239451
856 4 _qpdf
_u
856 4 _qpdf
_u
942 _cKNG
_n0
_018
944 _aCR
_c07.04.2008
_k30542
_lРусанова Ирена
944 _aED
_c15.07.2009
_k
999 _c78504
_d78504